000 00898nam0a22002771 4500
001 rc\165392
005 20250620214450.0
010 _a5-7430-0361-0
_9200
035 _a(NLR Aleph) 005429645
090 _a7563655
_c7563655
100 _a20030307d1994 |||y0rusy50 ca
101 0 _arus
102 _aRU
105 _aa |||||||||
200 1 _aОптические свойства кристаллов слюды
210 _aИркутск
_cИзд-во Иркут. ун-та
_d1994
215 _a212 с.
_cил.
_d20
300 _aЗагл. обл.: Оптические свойства слюд
320 _aБиблиогр.: с. 202-208
512 0 _aОптические свойства слюд
700 1 _aМецик
_bМ.С.
_gМихаил Степанович
801 0 _aRU
_bNLR
_gpsbo
801 1 _aRU
_bELAR
_2rusmarc
852 _aNLR
_j95-3/9393
942 _cBOOK
980 _aNB